[Event "Junior Online 4NCL Division 4"]
[Site "online"]
[Date "2020.10.01"]
[Round "4.61"]
[White "Karanam, Guha Saran"]
[Black "Yau, Ethan Y"]
[Result "1-0"]
[WhiteElo "1412"]
[BlackElo "1562"]
[PlyCount "77"]
[EventDate "2020.10.01"]
[WhiteTeam "Colchester Juniors B"]
[BlackTeam "Temple Sutton Juniors"]

1. d4 d5 2. Bf4 Nc6 3. Nf3 Nf6 4. e3 a6 5. Bd3 Bg4 6. O-O e6 7. h3 Bh5 8. Nbd2
Bd6 9. Bg5 h6 10. Bxf6 Qxf6 11. Be2 O-O 12. Ne5 Bxe2 13. Qxe2 Nxe5 14. dxe5
Qxe5 15. Nf3 Qf6 16. Rad1 b5 17. b3 Rfd8 18. c4 bxc4 19. bxc4 c6 20. cxd5 cxd5
21. Nd4 Rdc8 22. Qg4 Rc4 23. Qe2 Rac8 24. a3 Bxa3 25. Qa2 e5 26. Qxa3 exd4 27.
exd4 Rxd4 28. Rxd4 Qxd4 29. Qxa6 Rd8 30. Qe2 Kh7 31. Rd1 Qc5 32. g3 d4 33. Qe4+
g6 34. Qf4 Kg7 35. Rc1 Qa3 36. Rc7 Qa1+ 37. Kg2 d3 38. Qxf7+ Kh8 39. Qh7# 1-0

[Event "Junior Online 4NCL Division 4"]
[Site "online"]
[Date "2020.10.01"]
[Round "4.62"]
[White "Summers, Dylan S"]
[Black "Chung, Vince"]
[Result "0-1"]
[WhiteElo "1487"]
[BlackElo "1352"]
[PlyCount "48"]
[EventDate "2020.10.01"]
[WhiteTeam "Temple Sutton Juniors"]
[BlackTeam "Colchester Juniors B"]

1. e4 c5 2. Nf3 d6 3. Bc4 Nc6 4. Nc3 a6 5. a4 Nf6 6. d3 g6 7. O-O Bg7 8. h3 O-O
9. Re1 e6 10. Be3 Ne8 11. Bg5 Nf6 12. d4 cxd4 13. Qxd4 Nxd4 14. Nxd4 Qb6 15.
Nb3 d5 16. exd5 exd5 17. Be3 Qd6 18. Bc5 Qd7 19. Bxf8 Bxf8 20. Nxd5 Nxd5 21.
Rad1 Qf5 22. Bxd5 Qg5 23. Re8 Be6 24. Bxb7 Rxe8 0-1

[Event "Junior Online 4NCL Division 4"]
[Site "online"]
[Date "2020.10.01"]
[Round "4.63"]
[White "He, Kingsley"]
[Black "Yau, Max Y"]
[Result "0-1"]
[WhiteElo "842"]
[BlackElo "1277"]
[PlyCount "34"]
[EventDate "2020.10.01"]
[WhiteTeam "Colchester Juniors B"]
[BlackTeam "Temple Sutton Juniors"]

1. e4 e5 2. Nf3 Nc6 3. Bc4 Bc5 4. d4 exd4 5. Ng5 Qf6 6. Qh5 Nh6 7. c3 dxc3 8.
Nxc3 Qxf2+ 9. Kd1 Nd4 10. Nd5 O-O 11. Ne7+ Kh8 12. Nxc8 Raxc8 13. Nh3 Qc2+ 14.
Ke1 Qxc4 15. Bxh6 gxh6 16. Qe5+ f6 17. Qg3 Qe2# 0-1

[Event "Junior Online 4NCL Division 4"]
[Site "online"]
[Date "2020.10.01"]
[Round "4.64"]
[White "Patey, Joe"]
[Black "Rida, Ruqayyah"]
[Result "0-1"]
[WhiteElo "1187"]
[BlackElo "790"]
[PlyCount "64"]
[EventDate "2020.10.01"]
[WhiteTeam "Temple Sutton Juniors"]
[BlackTeam "Colchester Juniors B"]

1. d4 Nf6 2. Nc3 d6 3. Nf3 g6 4. d5 Bg7 5. e4 O-O 6. Be3 Nbd7 7. Qd2 Ng4 8. Bf4
Nc5 9. h3 Bxc3 10. Qxc3 Nxe4 11. Qe3 Nxe3 12. fxe3 e6 13. Bh6 Re8 14. Bd3 exd5
15. Bxe4 dxe4 16. Ng5 f6 17. Nxe4 Rxe4 18. O-O g5 19. Rf2 Rxe3 20. Raf1 Re6 21.
g4 f5 22. gxf5 Rxh6 23. f6 Kf7 24. Kg2 Bxh3+ 25. Kg3 Bxf1 26. Rxf1 Rxf6 27. Rh1
Kg6 28. Kg4 Rf4+ 29. Kg3 Qe7 30. c4 Qe3+ 31. Kg2 Rf2+ 32. Kg1 Qe1# 0-1

[Event "Junior Online 4NCL Division 4"]
[Site "online"]
[Date "2020.10.01"]
[Round "4.65"]
[White "Yau, Ethan Y"]
[Black "Karanam, Guha Saran"]
[Result "1-0"]
[WhiteElo "1562"]
[BlackElo "1412"]
[PlyCount "115"]
[EventDate "2020.10.01"]
[WhiteTeam "Temple Sutton Juniors"]
[BlackTeam "Colchester Juniors B"]

1. e4 d5 2. exd5 Qxd5 3. Nc3 Qa5 4. Nf3 Bf5 5. d4 Nf6 6. Bd2 c6 7. Bc4 Qb4 8.
Nd5 Qxc4 9. Nc7+ Kd8 10. Nxa8 Bxc2 11. Qc1 Qe6+ 12. Be3 Qc4 13. b3 Qd3 14. Nd2
e6 15. a3 Ne4 16. Nxe4 Qxe4 17. O-O Bd3 18. Re1 Bd6 19. Bg5+ f6 20. Rxe4 Bxe4
21. Qe3 Bd5 22. Bf4 Be7 23. Bxb8 Kd7 24. Bxa7 Rxa8 25. Bc5 Bd8 26. Qg3 g5 27.
Qd6+ Kc8 28. Qf8 Kd7 29. Qf7+ Kc8 30. Qxh7 b6 31. Bd6 Bxb3 32. Rc1 Bd5 33. Qf7
e5 34. Qe8 Ra7 35. a4 Rd7 36. dxe5 fxe5 37. Qxe5 Kb7 38. Qg3 Bc7 39. Bxc7 Rxc7
40. Qxg5 Bb3 41. a5 b5 42. h4 Ka6 43. Ra1 Bc2 44. h5 b4 45. Rc1 b3 46. Qe5 Rb7
47. Qb2 c5 48. h6 c4 49. Rxc2 bxc2 50. Qxc2 Rc7 51. h7 Rc8 52. f3 Kxa5 53. Qf5+
Kb4 54. Qxc8 c3 55. h8=Q Kb3 56. Qcxc3+ Ka4 57. Qa8+ Kb5 58. Qaa5# 1-0

[Event "Junior Online 4NCL Division 4"]
[Site "online"]
[Date "2020.10.01"]
[Round "4.66"]
[White "Chung, Vince"]
[Black "Summers, Dylan S"]
[Result "1-0"]
[WhiteElo "1352"]
[BlackElo "1487"]
[PlyCount "71"]
[EventDate "2020.10.01"]
[WhiteTeam "Colchester Juniors B"]
[BlackTeam "Temple Sutton Juniors"]

1. d4 d5 2. Bf4 Nc6 3. Nf3 f6 4. c4 dxc4 5. e4 Bg4 6. Bxc4 e6 7. Nc3 Bb4 8. O-O
Na5 9. Be2 Qd7 10. e5 Qc6 11. exf6 Nxf6 12. Bb5 Bxf3 13. Bxc6+ Nxc6 14. Qxf3
Nxd4 15. Qxb7 O-O 16. Qxb4 Nc2 17. Qb3 Nxa1 18. Rxa1 Rab8 19. Qa3 Nd5 20. Nxd5
exd5 21. Bxc7 Rb7 22. Bd6 Rd8 23. Qc5 h6 24. Qxd5+ Kh8 25. Qxb7 Rxd6 26. Qxa7
Rd2 27. Rc1 Rxb2 28. Qd7 Rxa2 29. Qd3 g6 30. Qxg6 Ra8 31. h3 h5 32. Qxh5+ Kg7
33. Rc5 Ra1+ 34. Kh2 Ra8 35. Rc7+ Kf8 36. Qf7# 1-0

[Event "Junior Online 4NCL Division 4"]
[Site "online"]
[Date "2020.10.01"]
[Round "4.67"]
[White "Yau, Max Y"]
[Black "He, Kingsley"]
[Result "1-0"]
[WhiteElo "1277"]
[BlackElo "842"]
[PlyCount "60"]
[EventDate "2020.10.01"]
[WhiteTeam "Temple Sutton Juniors"]
[BlackTeam "Colchester Juniors B"]

1. e4 c5 2. Nf3 Nc6 3. Bc4 Nf6 4. Nc3 e5 5. O-O b6 6. d3 Bb7 7. Bg5 Be7 8. Qd2
Nd4 9. Nxd4 cxd4 10. Ne2 h6 11. Bh4 a6 12. a4 a5 13. Ng3 Bb4 14. c3 dxc3 15.
bxc3 g5 16. cxb4 gxh4 17. Nf5 axb4 18. Qxb4 d6 19. Nxd6+ Kf8 20. Nxb7+ Ke8 21.
Nxd8 Rxd8 22. Qxb6 Nd7 23. Qb1 Rb8 24. Qa2 Nc5 25. Bxf7+ Ke7 26. Bc4 Ra8 27.
Qa3 Rxa4 28. Qxc5+ Kd7 29. Rxa4 Rc8 30. Be6+ Kxe6 1-0

[Event "Junior Online 4NCL Division 4"]
[Site "online"]
[Date "2020.10.01"]
[Round "4.68"]
[White "Rida, Ruqayyah"]
[Black "Patey, Joe"]
[Result "1-0"]
[WhiteElo "790"]
[BlackElo "1187"]
[PlyCount "51"]
[EventDate "2020.10.01"]
[WhiteTeam "Colchester Juniors B"]
[BlackTeam "Temple Sutton Juniors"]

1. e4 Nf6 2. Nc3 Nc6 3. Nf3 e5 4. Bc4 Nd4 5. Nxe5 d5 6. exd5 Qe7 7. O-O Qxe5 8.
Re1 Ne4 9. Rxe4 Qxe4 10. Nxe4 Bf5 11. d3 Bxe4 12. dxe4 Bc5 13. c3 Nf3+ 14. Qxf3
O-O 15. Qg3 Be7 16. Bh6 Bf6 17. e5 Rfd8 18. exf6 Kf8 19. Bxg7+ Ke8 20. Qe5+ Kd7
21. Qe7+ Kc8 22. Qxf7 b6 23. Ba6+ Kb8 24. Re1 Rxd5 25. Qe8+ Rd8 26. Qxd8# 1-0

[Event "Junior Online 4NCL Division 4"]
[Site "online"]
[Date "2020.10.01"]
[Round "4.71"]
[White "Patel, Aadi"]
[Black "Patel, Krrish"]
[Result "0-1"]
[WhiteElo "1292"]
[BlackElo "1547"]
[PlyCount "152"]
[EventDate "2020.10.01"]
[WhiteTeam "The Hall 2"]
[BlackTeam "JHJ 2"]

1. e4 c5 2. Nf3 d6 3. d3 Nf6 4. Nc3 Nc6 5. Be3 g6 6. g3 Bg7 7. Bg2 O-O 8. O-O
b6 9. Qd2 Bb7 10. Bh6 e6 11. Bxg7 Kxg7 12. Rfe1 d5 13. e5 Nd7 14. d4 cxd4 15.
Nxd4 Nxd4 16. Qxd4 Nc5 17. Nb5 Bc6 18. Nd6 Nb7 19. Nxb7 Bxb7 20. Qf4 Rc8 21. c3
Bc6 22. h4 h5 23. g4 Qxh4 24. f3 hxg4 25. fxg4 Rh8 26. Rf1 Rcf8 27. Rae1 Rh6
28. Re3 g5 29. Qf3 Qh2+ 30. Kf2 Qh4+ 31. Ke2 Bb5+ 32. Rd3 Bxd3+ 33. Kxd3 Qh2
34. Kd4 Qf4+ 35. Qxf4 gxf4 36. Rxf4 Rh2 37. Rf2 Rc8 38. g5 Rc4+ 39. Ke3 Rh5 40.
Bf1 Re4+ 41. Kd3 Rxg5 42. Bg2 Rh4 43. Re2 Rg3+ 44. Kd2 Rh2 45. Bf1 Rxe2+ 46.
Bxe2 Rg2 47. b3 Kg6 48. Kd1 Kf5 49. Bd3+ Kxe5 50. Be2 Rxe2 51. Kxe2 f5 52. Ke3
f4+ 53. Kf3 Kf5 54. a3 e5 55. Kf2 e4 56. Ke2 f3+ 57. Ke3 Ke5 58. a4 a6 59. b4
Kf5 60. a5 bxa5 61. bxa5 Ke5 62. Kf2 Kf4 63. Kf1 e3 64. Ke1 Ke4 65. Kf1 d4 66.
cxd4 Kxd4 67. Ke1 Kc4 68. Kd1 Kb5 69. Ke1 Kxa5 70. Kf1 Kb4 71. Ke1 Kb3 72. Kf1
a5 73. Ke1 a4 74. Kd1 a3 75. Kc1 a2 76. Kd1 a1=Q# 0-1

[Event "Junior Online 4NCL Division 4"]
[Site "online"]
[Date "2020.10.01"]
[Round "4.72"]
[White "Oh, Julie"]
[Black "O'Sullivan, Conor"]
[Result "1-0"]
[WhiteElo "1487"]
[BlackElo "1315"]
[PlyCount "121"]
[EventDate "2020.10.01"]
[WhiteTeam "JHJ 2"]
[BlackTeam "The Hall 2"]

1. e4 e5 2. Nf3 Nc6 3. Nc3 Nf6 4. Bb5 a6 5. Bxc6 dxc6 6. Nxe5 Bc5 7. d3 Qd6 8.
f4 Qd4 9. Qe2 Bg4 10. Nxg4 Nxg4 11. Qxg4 Qf2+ 12. Kd1 f5 13. Qf3 Qd4 14. Be3
Qxe3 15. Qxe3 Bxe3 16. exf5 Bd4 17. Re1+ Kf8 18. Re4 Bf2 19. Kd2 Bh4 20. g3 Bf6
21. Rae1 Kf7 22. h4 b5 23. Re6 b4 24. Na4 a5 25. Rxc6 Rhc8 26. h5 b3 27. cxb3
Rab8 28. Rec1 Rb4 29. Rxc7+ Rxc7 30. Rxc7+ Be7 31. Rc4 Rb7 32. Nc5 Rc7 33. Ne6
Bb4+ 34. Ke3 Re7 35. Rc7 g6 36. Rxe7+ Kxe7 37. Ng5 gxf5 38. Nxh7 Kf7 39. Ng5+
Kf6 40. h6 Kg6 41. h7 Kg7 42. d4 Be7 43. d5 Bb4 44. Kd4 Bd6 45. a3 Kh8 46. Nf7+
Kxh7 47. Nxd6 Kg6 48. Nxf5 Kxf5 49. Kc5 Kg4 50. Kc6 Kxg3 51. d6 Kxf4 52. d7 Ke5
53. d8=Q Ke6 54. Qd6+ Kf5 55. Qe7 Kg6 56. Qe5 Kh6 57. Qg3 Kh7 58. Kd6 Kh6 59.
Ke6 Kh5 60. Kf6 a4 61. Qg5# 1-0

[Event "Junior Online 4NCL Division 4"]
[Site "online"]
[Date "2020.10.01"]
[Round "4.73"]
[White "Ozdenoren, Deniz"]
[Black "Groot Wassink, Leon"]
[Result "0-1"]
[WhiteElo "1352"]
[BlackElo "1487"]
[PlyCount "66"]
[EventDate "2020.10.01"]
[WhiteTeam "The Hall 2"]
[BlackTeam "JHJ 2"]

1. e4 e5 2. Nf3 Nc6 3. Bc4 Nf6 4. d3 Be7 5. Be3 O-O 6. Nc3 Ng4 7. h3 Nxe3 8.
fxe3 Bh4+ 9. Ke2 Bg3 10. Kd2 Na5 11. Ne2 Nxc4+ 12. Kc1 Nxe3 13. Qd2 Bh2 14.
Rxh2 Nf1 15. Qc3 Nxh2 16. Nxh2 Qg5+ 17. Kd1 Qxg2 18. Qxe5 Qh1+ 19. Kd2 Qxa1 20.
Nf4 Qxa2 21. Nh5 f6 22. Qg3 Qa5+ 23. c3 Qxh5 24. Qxc7 Qxh3 25. Qc4+ Kh8 26. Qc7
Qg2+ 27. Kc1 d5 28. exd5 Qxd5 29. Qg3 Bf5 30. Qf3 Qe5 31. Qg2 Bxd3 32. Nf3 Qe3+
33. Kd1 Rad8 0-1

[Event "Junior Online 4NCL Division 4"]
[Site "online"]
[Date "2020.10.01"]
[Round "4.74"]
[White "Harb, Laith A"]
[Black "Kohli, Aryan"]
[Result "1-0"]
[WhiteElo "1472"]
[BlackElo "1075"]
[PlyCount "163"]
[EventDate "2020.10.01"]
[WhiteTeam "JHJ 2"]
[BlackTeam "The Hall 2"]

1. d4 d5 2. c4 Nf6 3. Nc3 Bf5 4. Bg5 e6 5. e3 c6 6. Nf3 Bd6 7. Bd3 Bg6 8. O-O
Bxd3 9. Qxd3 O-O 10. cxd5 cxd5 11. a3 Nbd7 12. Nb5 Be7 13. Nc3 Ng4 14. Bxe7
Qxe7 15. h3 Ngf6 16. Ne5 Qd6 17. Nxd7 Qxd7 18. Rac1 Rfc8 19. Rfd1 Rc7 20. Rd2
Rac8 21. Rdc2 a6 22. Ne2 Rxc2 23. Rxc2 Rxc2 24. Qxc2 h6 25. Nf4 Ne4 26. Nd3 Qb5
27. Ne5 Qa5 28. Nf3 b5 29. b4 Qxa3 30. Ne5 Qxb4 31. Qc8+ Kh7 32. Qxa6 Qe1+ 33.
Kh2 Nxf2 34. Qxb5 Qh1+ 35. Kg3 Ne4+ 36. Kf3 Ng5+ 37. Kg3 Ne4+ 38. Kf3 Qf1+ 39.
Qxf1 Nd2+ 40. Kf2 Nxf1 41. Kxf1 f6 42. Nf3 g5 43. Nd2 h5 44. g3 f5 45. Kf2 g4
46. hxg4 fxg4 47. Nb3 Kg6 48. Nc5 Kf5 49. Ke2 e5 50. dxe5 Kxe5 51. Nd3+ Ke4 52.
Nf4 d4 53. exd4 Kxd4 54. Nxh5 Ke4 55. Kf2 Kf5 56. Ng7+ Kg5 57. Ne6+ Kf5 58.
Nd4+ Ke4 59. Ne6 Kf5 60. Nf4 Kg5 61. Ke3 Kf5 62. Kd4 Kg5 63. Ke5 Kh6 64. Kf5
Kg7 65. Kxg4 Kh6 66. Kf5 Kg7 67. Kg5 Kf7 68. Kh6 Kf6 69. g4 Ke5 70. g5 Kxf4 71.
g6 Kf5 72. g7 Kf6 73. g8=Q Kf5 74. Qg5+ Ke4 75. Kg6 Kf3 76. Kf5 Kf2 77. Kf4 Ke2
78. Qg3 Kd2 79. Ke4 Ke2 80. Qg2+ Ke1 81. Kd3 Kd1 82. Qf1# 1-0

[Event "Junior Online 4NCL Division 4"]
[Site "online"]
[Date "2020.10.01"]
[Round "4.76"]
[White "O'Sullivan, Conor"]
[Black "Oh, Julie"]
[Result "0-1"]
[WhiteElo "1315"]
[BlackElo "1487"]
[PlyCount "66"]
[EventDate "2020.10.01"]
[WhiteTeam "The Hall 2"]
[BlackTeam "JHJ 2"]

1. e4 c5 2. Bc4 e6 3. Nf3 a6 4. Nc3 b5 5. Be2 Nc6 6. d4 cxd4 7. Nxd4 Qc7 8. Be3
Bb7 9. Bf3 Nf6 10. Bg5 h6 11. Bh4 Bd6 12. e5 Bxe5 13. Nxc6 Bxc6 14. Bxf6 Bxf6
15. Bxc6 Bxc3+ 16. bxc3 Qxc6 17. O-O Qxc3 18. Qd6 Qc6 19. Qd3 O-O 20. Rfe1 d5
21. Re3 Rac8 22. Rg3 Qxc2 23. Qd4 Qc1+ 24. Qd1 Qxd1+ 25. Rxd1 Rc2 26. h3 Rfc8
27. Kh2 Rxa2 28. Rd4 Rxf2 29. Rdg4 g6 30. h4 h5 31. Rg5 Rf5 32. Rxg6+ fxg6 33.
Rxg6+ Kf7 0-1

[Event "Junior Online 4NCL Division 4"]
[Site "online"]
[Date "2020.10.01"]
[Round "4.77"]
[White "Groot Wassink, Leon"]
[Black "Ozdenoren, Deniz"]
[Result "1-0"]
[WhiteElo "1487"]
[BlackElo "1352"]
[PlyCount "35"]
[EventDate "2020.10.01"]
[WhiteTeam "JHJ 2"]
[BlackTeam "The Hall 2"]

1. e4 e5 2. Nf3 Nc6 3. Bb5 a6 4. Ba4 Nf6 5. O-O Nxe4 6. Re1 Nf6 7. Bxc6 dxc6 8.
Nxe5 Bd6 9. Nxc6+ Be7 10. Nxd8 Bd7 11. Qe2 O-O 12. Nxb7 a5 13. Qf3 Bd6 14. Nxd6
cxd6 15. Nc3 Rfe8 16. Ne4 Nxe4 17. Rxe4 Bf5 18. Rxe8+ 1-0

[Event "Junior Online 4NCL Division 4"]
[Site "online"]
[Date "2020.10.01"]
[Round "4.78"]
[White "Kohli, Aryan"]
[Black "Harb, Laith A"]
[Result "0-1"]
[WhiteElo "1075"]
[BlackElo "1472"]
[PlyCount "54"]
[EventDate "2020.10.01"]
[WhiteTeam "The Hall 2"]
[BlackTeam "JHJ 2"]

1. d4 d5 2. Bf4 e6 3. e3 Nf6 4. c3 Nbd7 5. Bd3 Be7 6. Nf3 O-O 7. O-O b6 8. Nbd2
Bb7 9. Re1 c5 10. dxc5 Nxc5 11. Bc2 Rc8 12. b4 Ncd7 13. Qb1 Rxc3 14. e4 dxe4
15. Bxe4 Nxe4 16. Nxe4 Bxe4 17. Qxe4 h6 18. Bd2 Rc8 19. Qg4 Nf6 20. Bxh6 Nxg4
21. Bf4 Bxb4 22. Red1 Qe7 23. a3 Bxa3 24. Rxa3 Qxa3 25. Bd6 Qb3 26. Bxf8 Qxd1+
27. Ne1 Qxe1# 0-1

[Event "Junior Online 4NCL Division 4"]
[Site "online"]
[Date "2020.10.01"]
[Round "4.81"]
[White "Burnton, Joshua"]
[Black "Moser, Benjamin"]
[Result "1-0"]
[WhiteElo "1202"]
[BlackElo "1532"]
[PlyCount "63"]
[EventDate "2020.10.01"]
[WhiteTeam "Muswell Hill Knights"]
[BlackTeam "The Hall 1"]

1. e4 e5 2. Nf3 Nc6 3. c3 Bc5 4. d4 exd4 5. cxd4 Bb4+ 6. Bd2 Bxd2+ 7. Nbxd2 d6
8. Bc4 Bg4 9. Qb3 Qf6 10. Qxb7 Rd8 11. Qxc6+ Rd7 12. e5 dxe5 13. Nxe5 Qxc6 14.
Nxc6 Nf6 15. O-O O-O 16. Nb3 Rd6 17. Ne5 Ne8 18. Nxg4 h5 19. Ne5 g5 20. Nc5 Nf6
21. Rad1 Kh7 22. f4 Ng4 23. Nxg4 hxg4 24. fxg5 Kg6 25. Ne4 Rb6 26. Rf6+ Kg7 27.
Rxb6 cxb6 28. Rf1 Rd8 29. Rxf7+ Kh8 30. Nf6 Rd7 31. Rxd7 b5 32. Rh7# 1-0

[Event "Junior Online 4NCL Division 4"]
[Site "online"]
[Date "2020.10.01"]
[Round "4.82"]
[White "Smolders, Thomas"]
[Black "Dayle, Cosmo"]
[Result "1-0"]
[WhiteElo "1427"]
[BlackElo "1000"]
[PlyCount "99"]
[EventDate "2020.10.01"]
[WhiteTeam "The Hall 1"]
[BlackTeam "Muswell Hill Knights"]

1. e4 e5 2. Nf3 Nc6 3. d4 exd4 4. Nxd4 Nf6 5. Nc3 Bb4 6. Nxc6 Bxc3+ 7. bxc3
bxc6 8. Bd3 d6 9. Bg5 h6 10. Bh4 d5 11. e5 g5 12. exf6 gxh4 13. Qf3 Bb7 14.
Qe3+ Kf8 15. Qf4 Qe8+ 16. Qe3 Qxe3+ 17. fxe3 Re8 18. Kd2 c5 19. Rab1 Bc6 20.
Rhg1 c4 21. Bf5 Rg8 22. Bh3 Rg6 23. Rgf1 Rd8 24. Rf2 a6 25. Ke2 Ba4 26. Rb2 Ke8
27. Kd2 Bd7 28. Bxd7+ Rxd7 29. Rb7 a5 30. Ra7 Rd6 31. Ke2 Rdxf6 32. Rxf6 Rxf6
33. Rxa5 c6 34. Ra8+ Kd7 35. Rg8 Ke6 36. Rg4 Rg6 37. Rxg6+ fxg6 38. Kf3 g5 39.
e4 dxe4+ 40. Kxe4 Kd6 41. Kd4 Kc7 42. Kxc4 Kb6 43. a3 Ka5 44. Kc5 Ka4 45. c4
Kxa3 46. Kxc6 Kb4 47. c5 Kc4 48. Kd6 Kb5 49. c6 Kb6 50. Kd7 1-0

[Event "Junior Online 4NCL Division 4"]
[Site "online"]
[Date "2020.10.01"]
[Round "4.83"]
[White "Qiu, Calvin"]
[Black "Jhamna, Florian"]
[Result "1-0"]
[WhiteElo "932"]
[BlackElo "1405"]
[PlyCount "21"]
[EventDate "2020.10.01"]
[WhiteTeam "Muswell Hill Knights"]
[BlackTeam "The Hall 1"]

1. e4 e6 2. d4 d5 3. e5 c5 4. c3 Nc6 5. Nf3 Qb6 6. Be3 f6 7. Be2 Qxb2 8. Nbd2
Qxc3 9. dxc5 Bxc5 10. Rc1 Qxe5 11. Nxe5 1-0

[Event "Junior Online 4NCL Division 4"]
[Site "online"]
[Date "2020.10.01"]
[Round "4.84"]
[White "Patel, Ishaan"]
[Black "Sawyer, Charlie"]
[Result "1-0"]
[WhiteElo "1345"]
[BlackElo "925"]
[PlyCount "103"]
[EventDate "2020.10.01"]
[WhiteTeam "The Hall 1"]
[BlackTeam "Muswell Hill Knights"]

1. e4 e5 2. Nf3 Nc6 3. Nc3 Nf6 4. Bc4 Nxe4 5. Nxe4 d5 6. Bd3 dxe4 7. Bxe4 Be6
8. d3 Bc5 9. Be3 Bxe3 10. fxe3 Qd6 11. Bxc6+ Qxc6 12. Nxe5 Qd5 13. Nf3 O-O 14.
e4 Qc5 15. a3 a5 16. d4 Qc4 17. Qd3 Qxd3 18. cxd3 c6 19. Ke2 h5 20. Ke3 Kh7 21.
Ng5+ Kg6 22. Nxe6 fxe6 23. Rhf1 Rxf1 24. Rxf1 Kh7 25. Rf7 Kg8 26. Rxb7 Rf8 27.
Ke2 Rf7 28. Rxf7 Kxf7 29. Kf3 Kg6 30. Kf4 Kf6 31. h4 g6 32. a4 Kf7 33. Ke5 Ke7
34. g3 Kd7 35. Kf6 Kd6 36. Kxg6 c5 37. Kxh5 cxd4 38. Kg5 Kc5 39. h5 Kb4 40. h6
Kxa4 41. h7 Kb3 42. h8=Q Kxb2 43. Qxd4+ Kb3 44. Qa1 a4 45. Kf6 a3 46. Qxa3+
Kxa3 47. g4 Kb4 48. g5 Kc5 49. g6 Kd6 50. g7 Kd7 51. g8=Q Kd6 52. Qxe6+ 1-0

[Event "Junior Online 4NCL Division 4"]
[Site "online"]
[Date "2020.10.01"]
[Round "4.85"]
[White "Moser, Benjamin"]
[Black "Burnton, Joshua"]
[Result "0-1"]
[WhiteElo "1532"]
[BlackElo "1202"]
[PlyCount "48"]
[EventDate "2020.10.01"]
[WhiteTeam "The Hall 1"]
[BlackTeam "Muswell Hill Knights"]

1. d4 Nf6 2. Nf3 c5 3. c3 d5 4. Bf4 Nc6 5. e3 Qa5 6. Na3 cxd4 7. exd4 Bf5 8.
Nb5 Rc8 9. Qe2 e6 10. Bd6 Qd8 11. Bxf8 Rxf8 12. Na3 Ne4 13. Qb5 Rb8 14. Ne5 Qc7
15. Bd3 a6 16. Qa4 f6 17. Bxe4 fxe5 18. Bxf5 Rxf5 19. O-O exd4 20. cxd4 b5 21.
Qxa6 Nxd4 22. Rad1 Ne2+ 23. Kh1 Qxh2+ 24. Kxh2 Rh5# 0-1

[Event "Junior Online 4NCL Division 4"]
[Site "online"]
[Date "2020.10.01"]
[Round "4.86"]
[White "Dayle, Cosmo"]
[Black "Smolders, Thomas"]
[Result "0-1"]
[WhiteElo "1000"]
[BlackElo "1427"]
[PlyCount "37"]
[EventDate "2020.10.01"]
[WhiteTeam "Muswell Hill Knights"]
[BlackTeam "The Hall 1"]

1. e4 e5 2. Nf3 Nc6 3. d4 exd4 4. Nxd4 Nf6 5. Nxc6 bxc6 6. Qd4 Qe7 7. Nc3 d5 8.
Bd3 dxe4 9. Nxe4 Nxe4 10. Bxe4 f5 11. Bg5 Qxe4+ 12. Qxe4+ fxe4 13. O-O h6 14.
Bf4 Bd6 15. Bxd6 cxd6 16. Rad1 d5 17. f3 Bf5 18. fxe4 Bxe4 19. Rxd5 0-1

[Event "Junior Online 4NCL Division 4"]
[Site "online"]
[Date "2020.10.01"]
[Round "4.87"]
[White "Jhamna, Florian"]
[Black "Qiu, Calvin"]
[Result "1-0"]
[WhiteElo "1405"]
[BlackElo "932"]
[PlyCount "101"]
[EventDate "2020.10.01"]
[WhiteTeam "The Hall 1"]
[BlackTeam "Muswell Hill Knights"]

1. e4 e5 2. Bc4 Nf6 3. Nc3 c6 4. Nf3 d6 5. d4 Bg4 6. dxe5 dxe5 7. Qxd8+ Kxd8 8.
Be2 Nbd7 9. Bg5 h6 10. Bxf6+ Nxf6 11. Nxe5 Ke7 12. Bxg4 Nxg4 13. Nxg4 Rd8 14.
O-O Kd7 15. Rad1+ Kc8 16. Rxd8+ Kxd8 17. e5 Bc5 18. Rd1+ Kc7 19. e6 fxe6 20.
Ne5 Bd6 21. Nf7 Rf8 22. Nxd6 Rf4 23. g3 Rb4 24. Ne8+ Kc8 25. a3 Rxb2 26. Ne4
Rxc2 27. N8d6+ Kb8 28. Ne8 Kc8 29. N4d6+ Kd8 30. Nxg7 Ke7 31. Nxb7 Ra2 32. Nc5
Rxa3 33. Rd7+ Kf6 34. Ne8+ Ke5 35. f4+ Kf5 36. Nd6+ Kf6 37. Nce4+ Kg6 38. Rf7
Ra1+ 39. Kg2 Ra2+ 40. Kf3 Ra3+ 41. Kg4 h5+ 42. Kh4 Ra2 43. Rf6+ Kh7 44. Ng5+
Kg7 45. Ne8+ Kg8 46. h3 c5 47. Nxe6 Kh7 48. Kxh5 c4 49. Rh6+ Kg8 50. Kg6 c3 51.
Nf6# 1-0

[Event "Junior Online 4NCL Division 4"]
[Site "online"]
[Date "2020.10.01"]
[Round "4.88"]
[White "Sawyer, Charlie"]
[Black "Patel, Ishaan"]
[Result "0-1"]
[WhiteElo "925"]
[BlackElo "1345"]
[PlyCount "60"]
[EventDate "2020.10.01"]
[WhiteTeam "Muswell Hill Knights"]
[BlackTeam "The Hall 1"]

1. e4 e5 2. Nf3 Nc6 3. Nc3 Nf6 4. Bd3 Bc5 5. b3 d6 6. Bb2 Bg4 7. h3 Bh5 8. g4
Bg6 9. Qe2 O-O 10. O-O-O Nd4 11. Nxd4 Bxd4 12. Rdg1 a5 13. h4 h5 14. gxh5 Nxh5
15. Bc4 Qf6 16. Rf1 Nf4 17. Qg4 Bh5 18. Qxg7+ Kxg7 19. Rhg1+ Kh6 20. Nb5 Bxb2+
21. Kxb2 c6 22. Nc3 b5 23. Bd3 Nxd3+ 24. cxd3 a4 25. Ne2 axb3 26. axb3 b4 27.
d4 Bxe2 28. dxe5 Qxe5+ 29. Kc2 Ra2+ 30. Kc1 Qa1# 0-1

[Event "Junior Online 4NCL Division 4"]
[Site "online"]
[Date "2020.10.01"]
[Round "4.91"]
[White "Glynne, Jacob"]
[Black "Wu, Feitong"]
[Result "0-1"]
[WhiteElo "800"]
[BlackElo "1495"]
[PlyCount "74"]
[EventDate "2020.10.01"]
[WhiteTeam "Tetherdown Knights"]
[BlackTeam "Forest Hall Chimaeras"]

1. e4 e6 2. Nf3 d5 3. exd5 exd5 4. c4 Nf6 5. b3 Bc5 6. Ba3 Bxa3 7. Nxa3 O-O 8.
cxd5 Qxd5 9. Qc2 Bg4 10. Be2 Re8 11. Qxc7 Bxf3 12. gxf3 Qxf3 13. O-O-O Qxe2 14.
Rde1 Qxe1+ 15. Rxe1 Rxe1+ 16. Kc2 Re8 17. Nb5 Nbd7 18. Nd6 Red8 19. Qxb7 Rdb8
20. Qc6 Rf8 21. Qg2 Ne5 22. Nf5 Ng6 23. h4 h5 24. f4 Rac8+ 25. Kb2 Ng4 26. Nd6
Rcd8 27. Nb7 Rd7 28. Nc5 Rd4 29. f5 Nf4 30. Qg1 Rxd2+ 31. Kb1 Rfd8 32. Nd3 Nxd3
33. Qxa7 Rb2+ 34. Ka1 Rc8 35. Qg1 Rcc2 36. Qh1 Rxa2+ 37. Kb1 Rcb2# 0-1

[Event "Junior Online 4NCL Division 4"]
[Site "online"]
[Date "2020.10.01"]
[Round "4.92"]
[White "Johnston, Alexander"]
[Black "Murphy, Sam"]
[Result "1-0"]
[WhiteElo "1480"]
[BlackElo "857"]
[PlyCount "51"]
[EventDate "2020.10.01"]
[WhiteTeam "Forest Hall Chimaeras"]
[BlackTeam "Tetherdown Knights"]

1. e4 e5 2. Nc3 Nf6 3. f4 exf4 4. d3 Bd6 5. Nge2 Nh5 6. Nd5 Qh4+ 7. Kd2 c6 8.
Ndc3 Qg5 9. Nd4 f3+ 10. Ke1 Qh4+ 11. g3 Bxg3+ 12. hxg3 Qxh1 13. Nf5 g6 14. Nd6+
Ke7 15. e5 Nxg3 16. Bg5+ Kf8 17. Kf2 Nxf1 18. Qxf1 Qxf1+ 19. Rxf1 Kg7 20. Kxf3
Rf8 21. Nce4 Na6 22. Rh1 Nc7 23. Bh6+ Kg8 24. Nf6+ Kh8 25. Bxf8 b5 26. Nxf7#
1-0

[Event "Junior Online 4NCL Division 4"]
[Site "online"]
[Date "2020.10.01"]
[Round "4.93"]
[White "Cartwright, Ethan"]
[Black "Wall, Oliver"]
[Result "1-0"]
[WhiteElo "800"]
[BlackElo "1465"]
[PlyCount "71"]
[EventDate "2020.10.01"]
[WhiteTeam "Tetherdown Knights"]
[BlackTeam "Forest Hall Chimaeras"]

1. e4 e5 2. Nf3 Nc6 3. Bc4 Nf6 4. Nc3 Nxe4 5. Nxe4 d5 6. Bb5 dxe4 7. Nxe5 Qd5
8. Bxc6+ bxc6 9. Ng4 Bc5 10. O-O O-O 11. Ne3 Bxe3 12. dxe3 Qg5 13. f4 exf3 14.
Qxf3 Bg4 15. Qxc6 Rfc8 16. e4 Qd8 17. Qd5 Qh4 18. Qxf7+ Kh8 19. g3 Qh3 20. Be3
Be2 21. Rf2 Qg4 22. Bc5 Bd1 23. Rf4 Qg5 24. Be7 Qg6 25. Qxg6 hxg6 26. Rh4+ Kg8
27. Rxd1 a5 28. Bg5 c5 29. c4 a4 30. a3 Rab8 31. Rd7 Rxb2 32. Rd8+ Rxd8 33.
Bxd8 Rb3 34. e5 Rxa3 35. e6 Kf8 36. Rh8# 1-0

[Event "Junior Online 4NCL Division 4"]
[Site "online"]
[Date "2020.10.01"]
[Round "4.94"]
[White "Mohindra, Arun"]
[Black "Newsom, Thomas"]
[Result "1-0"]
[WhiteElo "1300"]
[BlackElo "800"]
[PlyCount "51"]
[EventDate "2020.10.01"]
[WhiteTeam "Forest Hall Chimaeras"]
[BlackTeam "Tetherdown Knights"]

1. e4 e5 2. Nf3 c6 3. d4 exd4 4. Nxd4 c5 5. Nf3 Nc6 6. Bb5 a6 7. Bxc6 dxc6 8.
Qxd8+ Kxd8 9. Be3 c4 10. Bb6+ Kd7 11. Ne5+ Kd6 12. Nxf7+ Ke7 13. Nxh8 g5 14.
Bd4 Bg4 15. f3 Be6 16. Nc3 Nf6 17. Bxf6+ Kxf6 18. O-O-O Bh6 19. Rhe1 Rxh8 20.
e5+ Kf5 21. g4+ Kf4 22. Re4+ Kxf3 23. Rf1+ Kg2 24. Rf6 Bxg4 25. Rxg4+ Kxh2 26.
Rxh6# 1-0